00567nam a2200205Ia 4500003000400000005001700004008004100021020001500062040001800077041000800095082002100103100001900124245007800143250001200221260004600233300002300279650001700302650002200319650002000341OSt20240628142323.0210716s1996 xx 000 0 und d a0760702365 cAIMIT LIBRARY aeng a374.22 21bROGA aRoggero, Alex. aGo greyhound :bpictorial tribute to an american Icon /cBy Alex Roggero. a1st ed. aNew York ;c1996.bBarnes & Noble Books , a127p. ;bHBc29 cm aA Cold start aKings of the road aPanoramic views